000 00222 a2200097 4500
001 47636
100 _aHart L
245 _aThe strategy of indirect approach
260 _aLondon
_bFaber & Faber
_c
090 _c30648
_d30648
942 _aNUST-CAE
_cM
_c22945
999 _c282709
_d282709